ბათუმის შოთა რუსთაველის სახელმწიფო უნივერსიტეტის ბიბლიოთეკა

Алгебра. Алгебраические структуры (ბიბ.ჩანაწერი № 48108)

000 -LEADER
fixed length control field 00542nam a2200205Ia 4500
001 - CONTROL NUMBER
control field 14989
003 - CONTROL NUMBER IDENTIFIER
control field GE_BSU
008 - FIXED-LENGTH DATA ELEMENTS--GENERAL INFORMATION
fixed length control field 181216s||||||||xx |||||||||||||| ||und||
040 ## - CATALOGING SOURCE
Transcribing agency GE_BSU
080 ## - UNIVERSAL DECIMAL CLASSIFICATION NUMBER
Universal Decimal Classification number 512(075.8)
100 ## - MAIN ENTRY--PERSONAL NAME
Personal name Бурбаки,Н.
245 ## - TITLE STATEMENT
Title Алгебра. Алгебраические структуры
260 ## - PUBLICATION, DISTRIBUTION, ETC.
Place of publication, distribution, etc. Москва
260 ## - PUBLICATION, DISTRIBUTION, ETC.
Name of publisher, distributor, etc. Госиздат
260 ## - PUBLICATION, DISTRIBUTION, ETC.
Date of publication, distribution, etc. 1962
300 ## - PHYSICAL DESCRIPTION
Extent 516стр.22см.
653 ## - INDEX TERM--UNCONTROLLED
Uncontrolled term Алгебра.
653 ## - INDEX TERM--UNCONTROLLED
Uncontrolled term Алгебраические структуры
942 ## - ADDED ENTRY ELEMENTS (KOHA)
Koha item type წიგნი
ეგზემპლარები
Withdrawn status Lost status Damaged status Not for loan Date acquired Barcode Date last seen Price effective from Koha item type
        2018-12-17 15007 2018-12-17 2018-12-17 წიგნი
        2018-12-17 16632 2018-12-17 2018-12-17 წიგნი
        2018-12-17 16626 2018-12-17 2018-12-17 წიგნი